Представление документа в формате RUSMARC

ПолеНазваниеЗначение
  Тип записи a
  Библиографический уровень m
001 Контрольный номер RU/IS/BASE/286453747
005 Дата корректировки 20201206204517.4
010 Индекс ISBN __
a ISBN 5-275-01337-X (В пер.)
d Цена 259-60
021 № государственной регистрации __
b № документа 06-28820
100 Данные общей обработки __
a Данные общей обработки 19060519d2006 |||y0rusy0189 ca
101 Язык документа __
a Язык текста rus
c Язык оригинала rus
102 Страна публикации __
a Страна публикации ru
105 Кодированные данные (монография) __
a Кодированные данные (монография) y zzzz000zy
200 Заглавие и сведения об ответственности __
a Заглавие Сталин, Рузвельт, Трумэн: СССР и США в 1940-х гг.
e Сведения, относящиеся к заглавию док. очерки
f Первые сведения об ответственности Владимир Печатнов
b Общее обозначение материала Текст
210 Выходные данные __
a Место издания М.
c Издательство Терра-Кн. клуб
d Дата издания 2006
215 Физическое описание __
a Объем 749, [2] с., [12] л. ил., портр.
225 Серия __
a Серия Двуликая Клио
320 Библиография __
a Библиография Библиогр. в конце кн.
327 Примечание о содержании __
a Примечание о содержании СССР и США в 1940-х гг.
330 Аннотация __
a Аннотация История взлета и падения советско-американского союза Второй мировой войны, его последующего превращения в свою противоположность - холодную войну между двумя сверхдержавами.
600 Персоналии __
a Персоналии (Фамилия) Сталин, И. В.
f Даты 1879-1953
g Полное имя Иосиф Виссарионович
600 Персоналии __
a Персоналии (Фамилия) Рузвельт Ф. Д.
f Даты 1882-1945
g Полное имя Франклин Делано
600 Персоналии __
a Персоналии (Фамилия) Трумэн Г.
f Даты 1884-1972
g Полное имя Гарри
606 Тематические рубрики __
a Основная рубрика История
z Хронологическая подрубрика 20 в. 40-е гг.
y Географическая подрубрика Россия; СССР; США; Америка
606 Тематические рубрики __
a Основная рубрика История России и СССР (октябрь 1917 - 1991 г.)
610 Ключевые слова __
a Ключевые слова внешняя политика; международные отношения; советско-американские отношения; политическая идеология; политическая обстановка; политические деятели; государственные деятели; холодная война
686 Индексы других классификаций __
a Классификационный индекс 63.3(2)6-6
700 Автор _1
a Фамилия Печатнов
b Имя В. О.
g Полное личное имя Владимир Олегович
4 Код отношения 070
801 Источник записи _0
a Страна ru
b Организация Муниципальное бюджетное учреждение культуры "Централизованная библиотечная система" г. Сургут (Центральная городская библиотека им. А. С. Пушкина)
c Дата составления 20060519
g Правила каталогизации КиК/Елгина
801 Источник записи _1
a Страна ru
b Организация Муниципальное бюджетное учреждение культуры "Централизованная библиотечная система" г. Сургут (Центральная городская библиотека им. А. С. Пушкина)
c Дата составления 20060519
g Правила каталогизации КиК/Елгина
852 Данные о местонахождении __
j Шифр хранения 63.3(2)6-6
c Каталожный индекс 63.3(2)6-6
i Авторский знак П 31
901 Тип документа __
t Тип документа m
903 Характеристики (МАРС) __
a Дата передачи 20070619
990 Данные о заказе (DOS) __
j Количество экземпляров (DOS) 2
t N записи в КСУ для И/У (DOS) 200707